Leadership from the inside out : (Record no. 275)
[ view plain ]
| 000 -LEADER | |
|---|---|
| fixed length control field | 009643cama220015778i4500 |
| 020 ## - INTERNATIONAL STANDARD BOOK NUMBER | |
| ISBN | 9781523094356 |
| 050 ## - CALL NUMBER | |
| Classification number | HD57.7 |
| Item number | .C26 |
| 100 ## - AUTHOR | |
| Personal name | Cashman, Kevin, |
| 245 ## - TITLE | |
| Title | Leadership from the inside out : |
| Remainder of title | becoming a leader for life / |
| Statement of responsibility, etc | Kevin Cashman. |
| 250 ## - EDITION | |
| Edition statement | 2nd ed. |
| 260 ## - PUBLICATION INFORMATION | |
| Place of publication | San Francisco |
| Name of publisher | Berrett-Koehler |
| Year of publication | 2008 |
| 300 ## - DESCRIPTION | |
| Number of Pages | 215 p. |
| Other physical details | ill. |
| Dimensions | 23 cm |
| 500 ## - NOTES | |
| General note | Includes index. |
| 505 ## - FORMATTED CONTENTS NOTE | |
| Table of Content | PREFACE: HOW TO USE THIS BOOK ... FROM THE INSIDE-OUT; INTRODUCTION: THE BEGINNING OF THE JOURNEY;<br/><br/> CHAPTER 1: PERSONAL MASTERY: Leading with Awareness and Authenticity; <br/>CHAPTER 2: PURPOSE MASTERY: Leading on Purpose; CHAPTER 3: INTERPERSONAL MASTERY: Leading through Synergy and Service;<br/> CHAPTER 4: CHANGE MASTERY: Leading with Agility; CHAPTER 5: RESILIENCE MASTERY: Leading with Energy; CHAPTER 6: BEING MASTERY: Leading with Presence; CHAPTER 7: ACTIOIN MASTERY: Leading through Coaching; CONCLUSION: THE JOURNEY CONTINUES; NOTES. |
| 942 ## - ADDED ENTRY ELEMENTS (KOHA) | |
| Koha item type | Books |
| Withdrawn status | Lost status | Home library | Current library | Shelving location | Date acquired | Full call number | Accession Number | Koha item type |
|---|---|---|---|---|---|---|---|---|
| Methodist University Library Tema | Methodist University Library Tema | General Stacks | HD57.7 .C26 | 1969 | Books |